Histoire de France par lettre - B - Statistiques

Statistiques générales
  • Ce quiz a été pris 38 322 fois
  • Le résultat moyen est 9 sur 20
Statistiques - réponses
Indices Réponses % Correct
Elle fut prise par les révolutionnaires le 14 juillet 1789 Bastille
100%
Patronyme de deux empereurs français Bonaparte
81%
Saint donnant son nom au massacre de milliers de protestants par des catholiques en 1572 Barthélémy
77%
Sainte si Soubirous, Première dame si Chirac Bernadette
74%
Dynastie ayant donné sept rois à la France Bourbon
69%
La France en a gagné 1115 au cours de son histoire, plus que n'importe quel autre pays Batailles
66%
Capitale de la Gaule aquitaine, de la Guyenne puis brièvement de la France en 1914 Bordeaux
56%
Nom allemand de la stratégie de guerre éclair mise en place par le IIIe Reich notamment lors de la bataille de France Blitzkrieg
53%
Mois du calendrier républicain correspondant à la période du 22 octobre au 22 novembre au cours duquel Napoléon Bonaparte effectua son coup d'Etat en l'an VIII Brumaire
51%
Ville congolaise qui fut capitale de la France libre entre 1940 et 1942 Brazzaville
50%
Commune normande célèbre pour sa tapisserie qui fut la première ville libérée par l'opération Overlord Bayeux
45%
Retraite napoléonienne de la campagne de Russie dont les pertes furent telles que son nom est entré dans le langage courant en synonyme de désastre Bérézina
44%
Compositeur célèbre pour ses opéras et notamment Carmen décédé prématurément à l'âge de 36 ans Georges Bizet
31%
Puissant royaume puis duché ayant possédé les actuels Pays-Bas entre les XIVe et XVIe siècles Bourgogne
30%
Reine de France au nom immaculé, mère de Saint-Louis et régente du royaume de 1226 à 1235 Blanche de Castille
28%
Louis XII y établit sa cour et fit du château qui fait encore la célébrité de la ville sa résidence royale Blois
27%
Premier ministre de François Mitterrand en 1992 et 1993, il mit fin à ses jours un mois après avoir quitté ses fonctions Pierre Bérégovoy
25%
Victoire de Philippe Auguste en 1214 sur des seigneurs flamands et français alliés aux Anglais Bouvines
15%
Pionnier de l'aviation, il est le premier pilote à traverser la Manche en avion, en 1909 Louis Blériot
15%
Président du Conseil à onze reprises sous la IIIe République, il reçoit en 1926 le prix Nobel de la Paix pour ses travaux en faveur de la réconciliation franco-allemande Aristide Briand
8%
Aucun quiz correspondant
Distribution des résultats
% des personnes avec chaque résultat
Percentile par nombre de réponses
Votre historique - résultats
Vous n’avez pas pris ce quiz